000 00765nam a2200265 i 4500
001 18120
003 ES-MaACL
005 20230906151749.0
007 t|
008 010813s2000 sp ||||0| spa j
020 _a84-397-0607-3
040 _aM-BN
_bspa
_cM-BN
080 _a821.111(680)-31"19"
100 1 _aCoetzee, J. M.
_939464
245 1 0 _aDesgracia /
_cJ.M. Coetzee ; traducción de Miguel Martínez-Lage.
250 _a1ª ed.
260 _aBarcelona :
_bMondadori,
_c2000.
300 _a257 p ;
_c23 cm.
490 1 _aLiteratura Mondadori ;
_v138
700 1 _aMartínez-Lage, Miguel.
_978171
830 0 _aLiteratura Mondadori ;
_v138
_9178630
852 _aES-MaACL
_jL-24850
_bR.130060
999 _c18120
_d18120